000 00629nam a2200181 i 4500
001 168332
003 ES-MaACL
005 20230906213742.0
008 080313s1899 fr |||| | fre d
080 _a013=60
245 0 0 _aCatalogue de livres espagnols rares et précieux...
_b: la vente aura lieu... mai 1899.
260 _aParis :
_bEm. Paul et Fils et Guillemin,
_c1899.
300 _a172, 64, 4 p ;
_c24 cm.
505 8 _aContiene : primera y segunda parte y suplemento
650 4 _aLibros españoles-
_vBibliografías.
_9137474
650 0 4 _aLibros-
_vCatálogos de subastas.
_914429
852 _aES-MaACL
_jT-934-F-6-7
999 _c168332
_d168332